Nynehead Developments Ltd v RH Fibreboard Containers Ltd and others (Record no. 57549)

MARC details
000 -LEADER
fixed length control field 01860cab a2200289 4500
001 - CONTROL NUMBER
control field ABS60000
008 - FIXED-LENGTH DATA ELEMENTS--GENERAL INFORMATION
fixed length control field 090401t1999 xxu||||| |||| 00| 0 eng d
035 ## - SYSTEM CONTROL NUMBER
System control number (Sirsi) u90751
041 ## - LANGUAGE CODE
Language code of text/sound track or separate title eng
245 ## - TITLE STATEMENT
Title Nynehead Developments Ltd v RH Fibreboard Containers Ltd and others
260 ## - PUBLICATION, DISTRIBUTION, ETC.
Date of publication, distribution, etc. 1999
350 ## - PRICE (NR) (BK AM CF MU VM SE) [OBSOLETE]
Price 0
490 ## - SERIES STATEMENT
Series statement Estates Gazette Law Reports
Volume/sequential designation [1999] 02 EG 139-146(8)
520 ## - SUMMARY, ETC.
Summary, etc. ChD 19 October 1998. In September 1982, the plaintiff landlord (N) granted the first defendant tenant (R) a 23-year lease on commercial premises consisting of three units. This granted rights to use a shared forecourt and an exclusive right to park vehicles on part of the forecourt for loading and unloading; and contained a covenant for quiet enjoyment on the part of the landlord. In 1993 and 1995 two further units were let to F and C on the same terms. F and C, in breach of their covenants, continually parked their vehicles on the forecourt, causing annoyance to R. N and R entered into correspondence regarding this, but no satisfactory conclusion was reached. In July 1996 R vacated the premises and in June 1997 withheld rent due to N. N issued proceedings claiming arrears of rent, the defendants contended that the landlord was in repudiatory breach, in authorising and encouraging the commission of a serious nuisance."Held" the claim for rent allowed and the counterclaim dismissed.
650 ## - SUBJECT ADDED ENTRY--TOPICAL TERM
Topical term or geographic name entry element BREACH OF COVENANT
650 ## - SUBJECT ADDED ENTRY--TOPICAL TERM
Topical term or geographic name entry element COMMERCIAL LEASES
650 ## - SUBJECT ADDED ENTRY--TOPICAL TERM
Topical term or geographic name entry element COVENANT FOR QUIET ENJOYMENT
650 ## - SUBJECT ADDED ENTRY--TOPICAL TERM
Topical term or geographic name entry element DEROGATION FROM GRANT
650 ## - SUBJECT ADDED ENTRY--TOPICAL TERM
Topical term or geographic name entry element LANDLORD AND TENANT
9 (RLIN) 6252
650 ## - SUBJECT ADDED ENTRY--TOPICAL TERM
Topical term or geographic name entry element NUISANCE
650 ## - SUBJECT ADDED ENTRY--TOPICAL TERM
Topical term or geographic name entry element NYNEHEAD DEVELOPMENTS LTD V RH FIBREBOARD CONTAINERS LTD AND OTHERS
650 ## - SUBJECT ADDED ENTRY--TOPICAL TERM
Topical term or geographic name entry element REPUDIATION
650 ## - SUBJECT ADDED ENTRY--TOPICAL TERM
Topical term or geographic name entry element REPUDIATORY BREACH
690 ## - LOCAL SUBJECT ADDED ENTRY--TOPICAL TERM (OCLC, RLIN)
Topical term or geographic name as entry element LANDLORD AND TENANT-CASE LAW-BUSINESS TENANCIES
942 ## - ADDED ENTRY ELEMENTS (KOHA)
Suppress in OPAC 0
948 ## - LOCAL PROCESSING INFORMATION (OCLC); SERIES PART DESIGNATOR (RLIN)
c (OCLC) 18/01/1999
Holdings
Withdrawn status Lost status Source of classification or shelving scheme Damaged status Not for loan Home library Current library Shelving location Date acquired Total Checkouts Full call number Barcode Date last seen Copy number Price effective from Koha item type
    Dewey Decimal Classification     London London Journal article 14/09/1999   ABS60000 90751-1001 06/08/2019 1 06/08/2019 Law report